Tres poesías / (Record no. 167839)

MARC details
000 -LEADER
campo de control de longitud fija 01623nam a2200385 i 4500
001 - NÚMERO DE CONTROL
campo de control 167839
003 - IDENTIFICADOR DE NÚMERO DE CONTROL
campo de control ES-MaACL
005 - FECHA Y HORA DE LA ÚLTIMA TRANSACCIÓN
campo de control 20251201192156.0
008 - DATOS DE LONGITUD FIJA--INFORMACIÓN GENERAL
campo de control de longitud fija 931025s1883 sp a |||| | spa d
080 ## - NÚMERO DE LA CLASIFICACIÓN DECIMAL UNIVERSAL
Número de la Clasificación Decimal Universal 821.113.6-14"18"
080 ## - NÚMERO DE LA CLASIFICACIÓN DECIMAL UNIVERSAL
Número de la Clasificación Decimal Universal 821.112.2-14"17"
080 ## - NÚMERO DE LA CLASIFICACIÓN DECIMAL UNIVERSAL
Número de la Clasificación Decimal Universal 821.134.2-14"16"
245 00 - MENCIÓN DEL TÍTULO
Título Tres poesías /
Mención de responsabilidad, etc. traducciones de D.J.E. Hartzenbusch, y D.J. Yxart ; dibujos de Carlos Larsson, A. Liezen Mayer, Roberto Seitz y Alejandro Riquer.
260 ## - PUBLICACIÓN, DISTRIBUCIÓN, ETC.
Lugar de publicación, distribución, etc. Barcelona :
Nombre del editor, distribuidor, etc. E. Domenech y Cª,
Fecha de publicación, distribución, etc. 1883 (
Fabricante Imp. de F. Giró)
300 ## - DESCRIPCIÓN FÍSICA
Extensión 127 p. :
Otras características físicas il. ;
Dimensiones 21 cm.
490 1# - MENCIÓN DE SERIE
Mención de serie Biblioteca "Arte y letras"
505 0# - NOTA DE CONTENIDO CON FORMATO
Nota de contenido con formato El ángel de la muerte / O. Wallin . Canción de la campana / F. Schilller . Epístola moral / F. de Andrada
530 ## - NOTA DISPONIBLE DE FORMULARIO FÍSICO ADICIONAL
Nota de formato físico adicional disponible Disponible en formato digital.
700 1# - ENTRADA AGREGADA--NOMBRE PERSONAL
Nombre de persona Walim, Johan Olof.
9 (RLIN) 156764
700 1# - ENTRADA AGREGADA--NOMBRE PERSONAL
Nombre de persona Schiller, Friedrich,
Fechas asociadas al nombre 1759-1805
9 (RLIN) 104361
700 1# - ENTRADA AGREGADA--NOMBRE PERSONAL
Nombre de persona Fernández de Andrada, Andrés.
9 (RLIN) 156763
700 1# - ENTRADA AGREGADA--NOMBRE PERSONAL
Nombre de persona Hartzenbusch, Juan Eugenio,
Fechas asociadas al nombre 1806-1880
9 (RLIN) 62011
700 1# - ENTRADA AGREGADA--NOMBRE PERSONAL
Nombre de persona Yxart, Josep,
Fechas asociadas al nombre 1852-1895
9 (RLIN) 139230
700 1# - ENTRADA AGREGADA--NOMBRE PERSONAL
Nombre de persona Larsson, Carl,
Fechas asociadas al nombre 1853-1919
9 (RLIN) 171871
700 1# - ENTRADA AGREGADA--NOMBRE PERSONAL
Nombre de persona Liezen-Mayer, Alexander von,
Fechas asociadas al nombre 1839-1898
9 (RLIN) 128952
700 1# - ENTRADA AGREGADA--NOMBRE PERSONAL
Nombre de persona Seitz, R.
9 (RLIN) 105274
700 1# - ENTRADA AGREGADA--NOMBRE PERSONAL
Nombre de persona Riquer Inglada, Alejandro de.
9 (RLIN) 144464
740 32 - ENTRADA AGREGADA--TÍTULO RELACIONADO/ANALÍTICO NO CONTROLADO
Título relacionado o analítico no controlado El ángel de la muerte.
740 02 - ENTRADA AGREGADA--TÍTULO RELACIONADO/ANALÍTICO NO CONTROLADO
Título relacionado o analítico no controlado Canción de la campana.
740 02 - ENTRADA AGREGADA--TÍTULO RELACIONADO/ANALÍTICO NO CONTROLADO
Título relacionado o analítico no controlado Epístola moral.
830 10 - PUNTO DE ACCESO ADICIONAL DE SERIE-TÍTULO UNIFORME
Título uniforme Biblioteca "Arte y letras"
9 (RLIN) 180874
852 ## - LOCALIZACIÓN
Ubicación ES-MaACL
Número de control de estantería B-733
Nota libre - Enc. tela editorial cromolit.
856 ## - LOCALIZACIÓN Y ACCESO ELECTRÓNICOS
Identificador Uniforme de Recursos <a href="http://bdh-rd.bne.es/viewer.vm?id=0000235508&page=1 ">http://bdh-rd.bne.es/viewer.vm?id=0000235508&page=1 </a>
Nota pública Biblioteca Digital Hispánica
Holdings
Estatus retirado Estado de pérdida Estado de daño No para préstamo Colección Biblioteca de origen Biblioteca actual Ubicación en estantería Fecha de adquisición Fuente de adquisición Total de préstamos Signatura topográfica completa Código de barras Visto por última vez Precio de reemplazo Tipo de ítem Koha
        Colección digital Biblioteca del Ateneo de Madrid Biblioteca del Ateneo de Madrid Sala Pardo Bazán 17/01/2008     B-733 1176083 23/02/2023 23/02/2023 Libro impreso antiguo